000
00301nam a22001337a 4500
008
170206b xxu||||| |||| 00| 0 eng d
020
_a
9781599417554
041
_a
eng
080
_2
7ED
_a
61
100
_a
3
101
_a
SHM
245
_a
SECURITIES REGULATION
_c
LARRY.D.SODERQUIIST
942
_2
udc
_c
BK
999
_c
4714
_d
4714